[Event "Maraba op 1st"]
[Site "Maraba"]
[Date "2014.05.31"]
[Round "4"]
[White "Teixeira, Lindberg Rego"]
[Black "Cunha, Adriano de Jesus Si"]
[Result "0-1"]
[WhiteElo "1784"]
[BlackElo "1969"]
[PlyCount "88"]
[EventDate "2014.05.30"]
[EventType "swiss"]
[EventRounds "6"]
[EventCountry "BRA"]
[SourceTitle "CBM 160 Extra"]
[Source "ChessBase"]
[SourceDate "2014.07.01"]
[SourceVersion "1"]
[SourceVersionDate "2014.07.01"]
[SourceQuality "1"]

1. e4 e6 2. d4 d5 3. exd5 exd5 4. Nf3 Nc6 5. Be2 Bd6 6. 0-0 Nge7 7. c4 dxc4 8. Bxc4 h6 9. Nc3 Bf5 10. Nh4 Nxd4 11. Be3 Ndc6 12. Nxf5 Nxf5 13. Qd5 Qf6 14. Ne4 Qg6 15. Nxd6+ Nxd6 16. Bc5 0-0 17. f4 Nxc4 18. Qxc4 Rfe8 19. b4 Re4 20. Qc3 b6 21. f5 Qg4 22. Bf2 Rc4 23. Qd3 Rd8 24. Qa3 Nxb4 25. Qxa7 Nd3 26. Bg3 Rc2 27. Rad1 Qd4+ 28. Kh1 Qd5 29. Rg1 Qxa2 30. Qb7 Qd5 31. Qa6 Ra2 32. Rxd3 Rxa6 33. Rxd5 Rxd5 34. Bxc7 b5 35. g4 Rc6 36. Ba5 Rdc5 37. Kg2 Rc1 38. Rxc1 Rxc1 39. Kf2 Kf8 40. Ke3 Ke8 41. Bd2 Rc4 42. h3 h5 43. gxh5 Rh4 44. Kd3 Rxh5 0-1

[Event "Natal U15 op"]
[Site "Natal"]
[Date "2013.11.08"]
[Round "1"]
[White "Teixeira, Lindberg Rego"]
[Black "Silva, Gustavo Queiroz Dos"]
[Result "0-1"]
[WhiteElo "1784"]
[BlackElo "1979"]
[PlyCount "42"]
[EventDate "2013.11.08"]
[EventType "swiss"]
[EventRounds "5"]
[EventCountry "BRA"]
[SourceTitle "EXT 2016"]
[Source "ChessBase"]
[SourceDate "2015.10.08"]
[SourceVersion "1"]
[SourceVersionDate "2015.10.08"]
[SourceQuality "1"]

1. e4 e5 2. Nf3 Nc6 3. Bb5 a6 4. Ba4 Nf6 5. 0-0 b5 6. Bb3 Be7 7. Re1 0-0 8. c3 d5 9. exd5 Nxd5 10. d4 exd4 11. Nxd4 Nxd4 12. Bxd5 Qxd5 13. Rxe7 Bb7 14. f3 Qc5 15. cxd4 Qxe7 16. a3 Rad8 17. b4 Rxd4 18. Qf1 Rfd8 19. Nc3 Rd3 20. Qe2 Rd1+ 21. Kf2 Qh4+ 0-1